Figli & dintorni. (Record n. 336397)

Dettagli MARC
000 -LEADER
campo di controllo lung. fissa 00998nam a22002057a 4500
003 - Identificatore del numero di controllo
campo di controllo IT-MiCISF
005 - Data e orario dell'ultima transazione
campo di controllo 20250626152911.0
008 - Elementi di lunghezza fissa--Informazione generale
campo di controllo lung. fissa 170123b xxu||||| |||| 00| 0 eng d
040 ## - Fonte della catalogazione
Agenzia che fa la trascrizione IT-MiCISF
041 ## - Codice di lingua
Codice di lingua del testo/traccia sonora o titolo separato it
100 ## - Accesso principale -- nome di persona
Nome di persona Cirillo Francesca M.R. (et al)
9 (RLIN) 56136
245 ## - Formulazione del titolo
Titolo Figli & dintorni.
Complemento del titolo Il consulente familiare a supporto della genitorialità
260 ## - Pubblicazione, distribuzione, ecc. (stampa)
Nome dell'editore, distributore, ecc. A.I.C.C.e F.,
Data di pubblicazione, distribuzione, ecc. 2024
300 ## - Descrizione fisica
Estensione pp. 234
500 ## - Nota generale
Nota generale consulenza, genitorialità, educazione-familiare, adolescenza, divorzio
650 ## - Accesso aggiunto di soggetto--termine topico
Termine topico o nome geografico come accesso Consulenza-familiare
9 (RLIN) 56036
654 ## - Accesso aggiunto di soggetto--termini topici faccettati
Termine principale antologia
700 ## - Accesso aggiunto--nome di persona
Nome di persona Di Eugenio T., Martinenghi S., Monaci D., Sgambati A., Sinigaglia S.,
-- Vella A.M., Belletti F., Rossi R., Roberto R., Marozzi Bonzi P., Campana D.,
-- Fucecchi A., Tessitore Galati V., Marri Caruso O., Margiotta P., Qualiano M.,
-- Siccardi A., De Gregorio C., Lancini M., Giornelli G., Graffeo C., Milani L.,
-- Tordi G., Mammarella M., Marini S., Mazzeo F., Pellai A., Hawker S.,
9 (RLIN) 56137
942 ## - Dati aggiuntivi (Koha)
Fonte della classificazione o dello schema di collocazione (segnatura) Dewey Decimal Classification
Tipo copia default (Koha) DOCUMENTI
Dati di copia
Ritirato (status) Perso (status) Fonte della classificazione o dello schema di collocazione (segnatura) Danneggiato (status) Non per il presito Biblioteca proprietaria Biblioteca in cui si trova Data d'acquisizione Totale prestiti Collocazione Data ultima operazione Prezzo in vigore dal Tipo copia default (Koha)
    Dewey Decimal Classification Buone Condizioni Not For Loan CISF - Milano CISF - Milano 23/01/2017   DD41 23/01/2017 23/01/2017 LIBRO
CREDITS: SOCIETA' SAN PAOLO Via A.Severo, 58 - ROMA (RM) & PERIODICI SAN PAOLO SRL Via Giotto, 36 MILANO & CISF Via Giotto, 36 MILANO & EDIZIONI SAN PAOLO SRL,  Piazza Soncino, 5 CINISELLO BALSAMO (MI) -- ITALY